LEADER 00832nam a2200205 i 4500 001 000000212600 003 CaOOAMICUS 005 20120420000000.0 008 120420s1942 it u000 u ita u 013 $a191448 040 $aSeMil$bita 100 1 $aBignami, Luigi.$0(OLS)http://semarc/name/54033 245 10$aSplendori ed ombre alla corte dei Malatesta di Rimini /$cLuigi Bignami. 260 $aMilano :$bCeschina,$c1942. 300 $a354 p., 16 c. di tav. :$bill. ;$c21 cm. 600 34$aMalatesta .$0(OLS)http://semarc/subject/39809 850 $aSeMil 852 $aSeMil$W1$xVenegono$y1$m3S IV 131$j163034$B163034$CSeMilBibl$Z2$F174164 $81 996 $6245$aSplendori ed ombre alla corte dei Malatesta di Rimini$9(OLS)http://semarc/title/306873 996 $6260$aMilano :$bCeschina$9(OLS)http://semarc/publisher/30279 LEADER 00913nam a2200253 i 4500 001 000000184003 003 CaOOAMICUS 005 20151001000000.0 008 151001n it u000 u ger u 013 $a161977 040 $aSeMil$bita 100 1 $aHeine, Heinrich,$d<1797-1856>.$0(OLS)http://semarc/name/7584 245 10$aBuch der Lieber /$cHeinrich Heine. 260 $aLeipzig :$bFikentscher Verl.,$c[s.d.] 300 $a317 p. ;$c18 cm. 490 0 $aHafis-Lesebucherei 500 $aFondo card. Giovanni Colombo. 830 0$aHafis-Lesebucherei.$0(OLS)http://semarc/title/42915 850 $aSeMil 852 $aSeMil$W1$xVenegono$y1$m3GC II 401$j134699$B134699$CSeMilBibl$Z2$F146337 $8B 941 1 $a3 961 $aLascito: Colombo Card. Giovanni 996 $6245$aBuch der Lieber$9(OLS)http://semarc/title/264064 996 $6260$aLeipzig :$bFikentscher Verl.$9(OLS)http://semarc/publisher/38949